Detalles MARC
| 000 -CABECERA |
| campo de control de longitud fija |
00947nam a2200253 a 4500 |
| 001 - NÚMERO DE CONTROL |
| campo de control |
000026138 |
| 005 - FECHA Y HORA DE LA ÚLTIMA TRANSACCIÓN |
| campo de control |
20200930024333.0 |
| 008 - DATOS DE LONGITUD FIJA--INFORMACIÓN GENERAL |
| campo de control de longitud fija |
110302s1980 mx a r 000 0 spa d |
| 020 ## - NÚMERO INTERNACIONAL ESTÁNDAR DEL LIBRO |
| Número Internacional Estándar del Libro |
9682601797 |
| 040 ## - FUENTE DE LA CATALOGACIÓN |
| Centro catalogador/agencia de origen |
DO-SdBNP |
| Lengua de catalogación |
spa |
| Centro/agencia transcriptor |
BNPHU |
| 041 17 - CÓDIGO DE LENGUA |
| Código de lengua del texto/banda sonora o título independiente |
spa |
| Código de lengua original |
eng |
| Fuente del código |
Código de idiomas MARC |
| 082 ## - NÚMERO DE LA CLASIFICACIÓN DECIMAL DEWEY |
| Número de clasificación |
nn* |
| Número de documento/Ítem |
nn* |
| 049 ## - FONDOS LOCALES (OCLC) |
| Fondos de biblioteca |
BNGR |
| 100 1# - ENTRADA PRINCIPAL--NOMBRE DE PERSONA |
| Nombre de persona |
Siegel, Laurence. |
| 9 (RLIN) |
53111 |
| 240 10 - TÍTULO UNIFORME |
| Título uniforme |
Psychology in industrial organizations. |
| Lenguaje de la obra |
Español |
| 245 10 - MENCIÓN DE TÍTULO |
| Título |
Psicología en las organizaciones industriales / |
| Mención de responsabilidad, etc. |
Laurence Siegel y Irving M. Lane ; traducción de Alfonso Vasseur Walls. |
| 260 ## - PUBLICACIÓN, DISTRIBUCIÓN, ETC. |
| Lugar de publicación, distribución, etc. |
México, D. F. : |
| Nombre del editor, distribuidor, etc. |
Compañía Editorial Continental, |
| Fecha de publicación, distribución, etc. |
1980. |
| 300 ## - DESCRIPCIÓN FÍSICA |
| Extensión |
594 p. : |
| Otras características físicas |
il. ; |
| Dimensiones |
23 cm. |
| 500 ## - NOTA GENERAL |
| Nota general |
Incluye índice alfabético. |
| 504 ## - NOTA DE BIBLIOGRAFÍA, ETC. |
| Nota de bibliografía, etc. |
Bibliografía : [567]-583 p. |
| 534 ## - NOTA SOBRE LA VERSIÓN ORIGINAL |
| Encabezamiento principal del original |
Título original en inglés : |
| Mención de título del original |
Psychology in industrial organizations |
| 700 1# - PUNTO DE ACCESO ADICIONAL--NOMBRE DE PERSONA |
| Nombre de persona |
Lane, Irving M. |
| 9 (RLIN) |
53112 |
| 700 1# - PUNTO DE ACCESO ADICIONAL--NOMBRE DE PERSONA |
| Nombre de persona |
Vasseur Walls, Alfonso, |
| Término indicativo de función/relación |
tr. |
| 9 (RLIN) |
43684 |